Normy iznosa, stojkosti i raschoda režuščego instrumenta

Na minha lista:
Detalhes bibliográficos
Formato: Livro
Idioma:russo
Publicado em: Moskva : Mašgiz, 1961
Assuntos:
Tags: Adicionar Tag
Sem tags, seja o primeiro a adicionar uma tag!

MARC

LEADER 00000nam a22000003a 4500
001 stu39849
005 20141122051106.3
008 930315s1961----xxr-----------------rus-d
040 |a STU  |b slo 
041 0 |a rus 
044 |a xxr 
080 |a 621.937 
245 |a Normy iznosa, stojkosti i raschoda režuščego instrumenta 
260 |a Moskva :  |b Mašgiz,  |c 1961 
300 |a 174 s 
650 7 |a nástroje rezné  |2 stusub 
650 7 |a normovanie  |2 stusub 
996 |b 284M016097  |c M*3908-1  |l MMKN  |s A  |a 24  |w stu39849_0001